Trends in the economics of milk production in England and Wales: some predictions of the future structure (Record no. 68083)

MARC details
000 -LEADER
fixed length control field 01384cam a2200229 4500
001 - CONTROL NUMBER
control field ABS64449
008 - FIXED-LENGTH DATA ELEMENTS--GENERAL INFORMATION
fixed length control field 010828n2001 000 0 eng u
035 ## - SYSTEM CONTROL NUMBER
System control number (Sirsi) u114336
100 ## - MAIN ENTRY--PERSONAL NAME
Personal name Franks, J
245 ## - TITLE STATEMENT
Title Trends in the economics of milk production in England and Wales: some predictions of the future structure
260 ## - PUBLICATION, DISTRIBUTION, ETC.
Date of publication, distribution, etc. 2001
490 ## - SERIES STATEMENT
Series statement Farm Management
Volume/sequential designation 11(2) July 2001, 67-85(10)
520 ## - SUMMARY, ETC.
Summary, etc. A review of the economics of milk production between 1987/88 and 1996/97 shows how smaller herds came under increased financial pressure. In part this was because milk price premium ceased to be captured by smaller dairy enterprises after 1994/95. Predictions of the future structure of dairy production to 2006 are also presented. Two methodologies suggest between 9,000 and 11,000 dairy farms will cease milk production by 2006. These estimates are based on 1996/97 dairy enterprise data and June census data. But the lower milk prices and poor profitability since 1996/97, together with technological developments, suggest these predictions may underestimate the number of dairy farms ceasing milk production. Taken from journal abstract.
590 ## - LOCAL NOTE (RLIN)
Local note ABS
650 ## - SUBJECT ADDED ENTRY--TOPICAL TERM
Topical term or geographic name entry element DAIRY FARMS
650 ## - SUBJECT ADDED ENTRY--TOPICAL TERM
Topical term or geographic name entry element MILK PRODUCTION
650 ## - SUBJECT ADDED ENTRY--TOPICAL TERM
Topical term or geographic name entry element MILK QUOTA
650 ## - SUBJECT ADDED ENTRY--TOPICAL TERM
Topical term or geographic name entry element RURAL ECONOMY
650 ## - SUBJECT ADDED ENTRY--TOPICAL TERM
Topical term or geographic name entry element LIVESTOCK FARMING
690 ## - LOCAL SUBJECT ADDED ENTRY--TOPICAL TERM (OCLC, RLIN)
Topical term or geographic name as entry element RURAL-AGRICULTURE AND FORESTRY
942 ## - ADDED ENTRY ELEMENTS (KOHA)
Suppress in OPAC 0
Holdings
Withdrawn status Lost status Source of classification or shelving scheme Damaged status Not for loan Home library Current library Shelving location Date acquired Total Checkouts Full call number Barcode Date last seen Copy number Price effective from Koha item type
    Dewey Decimal Classification     London London Journal article 28/08/2001   ABS64449 114336-1001 06/08/2019 1 06/08/2019 Journal article